Harry Potter and the Order of the Phoenix Chapter Titles - Statistics

General Stats
  • This quiz has been taken 330 times
  • The average score is 21 of 38
Answer Stats
Chapter # Clue Answer % Correct
7 Where Arthur Weasley works The Ministry of Magic
88%
5 Band of wizards set on defying Voldemort The Order of the Phoenix
86%
10 Ravenclaw student that has her quirks Luna Lovegood
82%
31 Wizarding Exam Time! O.W.L.s
82%
18 AKA the Defense Association Dumbledore's Army
81%
30 Hagrid's half brother is kind of terrifying, but I'm sure Harry and Ron can teach him some English Grawp
75%
1 Harry's cousin almost gets his first kiss Dudley Demented
74%
4 Sirius's address Number Twelve, Grimmauld Place
65%
24 Harry gets extra lessons with Snape for "remedial potions" Occlumency
63%
12 The new DADA teacher is completely EVIL and really likes pink Professor Umbridge
63%
8 The Wizengamot decides Harry's future during this The Hearing
61%
15 The Evil Professor is promoted to a completely made up position The Hogwarts High Inquisitor
61%
20 We learn where our kind giant friend has been Hagrid's Tale
60%
34 Where Rookwood and Bode worked The Department of Mysteries
60%
11 Godric's old sombrero feels obliged to give advice to Hogwarts students The Sorting Hat's New Song
56%
13 No, really. She is totally EVIL. And likes cats way too much. And Harry's hand really hurts. Detention with Dolores
55%
19 Two animals that represent two Hogwarts houses The Lion and the Serpent
54%
28 For the first time, we actually feel kind of sorry for the Potions professor Snape's Worst Memory
52%
3 An eclectic group comes to collect Harry from Privet Drive The Advance Guard
52%
27 Firenze has a new job, and Cho's friends is a tattletale The Centaur and the Sneak
52%
14 Ron's older brother and Harry's godfather communicate with them by different means Percy and Padfoot
51%
9 We all sympathize with Molly's fears The Woes of Mrs. Weasley
51%
2 A lot of wizards send messages to Harry A Peck of Owls
50%
16 Hogwarts students meet here to discuss what to do about their new professor In the Hog's Head
50%
36 Dumbledore is AWESOME, which kind of scares Voldemort The Only One He Ever Feared
50%
35 "He can't come back, Harry." Beyond the Veil
49%
6 Harry and friends learn of Sirius's genealogy The Noble and Most Ancient House of Black
49%
23 Harry unexpectedly visits with an old professor during the holidays Christmas on the Closed Ward
47%
29 McGonagall guides Harry in his future plans, whilst Fred & George put their plans into action Career Advice
46%
17 The Evil Professor submits new rules for Hogwarts Educational Decree Number Twenty Four
46%
25 Harry tells his story to Rita Skeeter The Beetle at Bay
46%
22 Where wizards go when they need medical assistance St Mungo's Hospital for Magical Maladies and Injuries
45%
21 Harry's hoping he didn't just murder his best friend's dad The Eye of the Snake
45%
38 Operation Takedown Voldemort, Round 2 The Second War Begins
43%
33 The Evil Professor gets her comeuppance, and Harry and friends figure out a mode of transportation to London Fight and Flight
39%
32 Harry tries to find out if Sirius is okay--probably should've put more thought into his plan Out of the Fire
38%
37 In this chapter, Dumbledore tells Harry everything. Well, almost everything. The Lost Prophecy
37%
26 Harry's having a hard time blocking out visions of Voldemort and Prof. Trelawney finally gets told what an awful teacher she is Seen and Unforeseen
34%
No matching quizzes found
Score Distribution
Percent of People with Each Score
Percentile by Number Answered
Your Score History
You have not taken this quiz